000
00221nam a22000857a 4500
008
160712b xxu||||| |||| 00| 0 eng d
100
_9
2688
_a
Ginott, H.G
245
_a
Between Patent and Child
260
_a
Can
_b
Macmillan
_c
1965
999
_c
2337
_d
2337